000 00431nam a2200181Ia 4500
001 15074
005 20260306165001.0
008 260306t2010||||xx |||||||||||||| ||spa||
041 _aESP
082 _a530
_bC91
100 _aCromer, A.
_eAUT
245 0 _aFísica:
_ben la ciencia y en la industria
260 _c2010
300 _axv, 878 páginas :
_c24 cm.
650 _aGEN
654 _aCCN
942 _cLIB
_dJUS
_fJUS
_2ddc
_n
999 _c15074
_d15074